| 000 | 00747cam a2200217 a 4500 | ||
|---|---|---|---|
| 020 | _a0395672961 | ||
| 040 | _cDLC | ||
| 082 | 0 | 0 |
_a509 CLA 1998 A033 OR. _aB |
| 100 | 1 | _aStaiger, Ralph C. | |
| 245 | 1 | 0 | _aThomas Harriot, science pioneer / |
| 260 |
_aNew York : _bClarion Books, _cc1998. |
||
| 300 |
_a128 p. : _bill. ; _c27 cm. |
||
| 500 | _aIncludes index. | ||
| 520 | _aExamines the life and studies of the sixteenth-century scholar, mathematician, explorer, optician, and astronomer, Thomas Hariot. | ||
| 650 | 0 | _aScience | |
| 650 | 0 | _aScientists | |
| 650 | 1 | _aScientists. | |
| 856 | 4 | 2 | _uhttp://www.loc.gov/catdir/description/hm021/96041842.html |
| 856 | 4 | 2 | _uhttp://www.loc.gov/catdir/enhancements/fy0735/96041842-b.html |
| 942 | _cEK | ||
| 999 |
_c12367 _d12367 |
||